000 00873cam a2200229 a 4500
001 000010902
005 20200929162320.0
008 800226s1988 cu a b f001 0 spa d
040 _aDO-SdBNP
_bspa
_cDLC
_dBNPHU
082 _a595.7
_bZ39e
100 1 _aZayas Muñoz, Fernando de.
_926289
245 1 0 _aEntomofauna cubana :
_btópicos entomológicos a nivel medio para uso didáctico /
_cFernando de Zayas Muñoz ; edición José A. Tamargo.
260 _aLa Habana, Cuba :
_bEditorial Científico-Técnica, Instituto Cubano del Libro,
_c1988.
300 _av. :
_bil. ;
_c29 cm.
504 _aIncluye referencias bibliográficas (p. [240]-244).
500 _aLa biblioteca posee el tomo VII
650 4 _aEntomología
_xCuba
_926290
650 4 _aInsectos
_xCuba
_926291
700 1 _aTamargo, José A.,
_eed.
_926292
910 _aCatalogación derivada
049 _aBNGR
999 _c10641
_d10641